000 00635nam a2200229Ia 4500
003 OSt
005 20220926011829.0
006 a|||||r|||| 00| 0
007 ta
008 220923b |||||||| |||| 00| 0 eng d
037 _cGeneral Book
040 _aRTL
_cRTL
_beng
041 _2eng
_aeng
082 _aX:8, L7
100 _aMcfarland Dalton E
_9313844
245 0 _aAction strategies for managerial achievement
260 _aNew York
_bAmacom U S A
_c1977
300 _a198p. Bib p187-89
_ccm.
650 _aManagement
_930681
942 _hX:8, L7
_cGB
_2CC
999 _c621078
_d621078